Steuerlehre 2 Einkommensteuer. Gewerbesteuer. Vermögensteuer und Bewertungsgesetz

Gespeichert in:
Bibliographische Detailangaben
1. Verfasser: Bornhofen, Manfred
Weitere Verfasser: Busch, Ernst
Format: Buch
Sprache:Deutsch
Veröffentlicht: Wiesbaden Gabler 1991
Ausgabe:11. überarb. Aufl.
Schlagworte:
Tags: Tag hinzufügen
Keine Tags, Fügen Sie das erste Tag hinzu!

MARC

LEADER 00000nam a2200000 4500
001 c000096
005 20221214102231.9
020 |a 3-409-97578-0 
041 0 |a ger 
044 |a DE 
245 1 0 |a Steuerlehre 2  |b Einkommensteuer. Gewerbesteuer. Vermögensteuer und Bewertungsgesetz  |c Manfred Bornhofen, Ernst Busch 
250 |a 11. überarb. Aufl. 
264 1 |a Wiesbaden  |b Gabler  |c 1991 
300 |a 601 s. 
610 2 0 |a dane 
610 2 0 |a politika daňová 
610 2 0 |a dane z príjmov 
610 2 0 |a dane majetkové 
610 2 0 |a dane zo zisku 
610 2 0 |a dane dôchodkové 
610 2 0 |a dane podnikové 
610 2 0 |a dane zo mzdy 
610 2 0 |a správa štátna 
610 2 0 |a správa verejná 
610 2 0 |a predpisy daňové 
100 1 |a Bornhofen, Manfred 
700 1 |a Busch, Ernst